000 00366nam a2200133 i 4500
001 92190
003 ES-MaACL
007 t|
008 050223s1980 sp ||||1| spa d
245 0 0 _aLibro Blanco
_b: testimonios, hechos, documentos.
260 _a[Madrid :
_bs.n.,
_c1980] (
_fCEDESA)
300 _a291 p. :
_bil. ;
_c26 cm.
852 _aES-MaACL
_jL-754
_bR.101620
999 _c92190
_d92190